000 00252nam a22001217a 4500
008 170925b xxu||||| |||| 00| 0 eng d
041 _aeng
080 _a37
100 _a46
101 _aEDU
245 _aHARVESTING MINDS
_cFOX.R
942 _2udc
_cBK
999 _c29498
_d29498